| 000 | 01028nam a2200193Ii 4500 | ||
|---|---|---|---|
| 003 | JO-AjNU | ||
| 008 | 230605s9999||||xx |||||||||||||| ||und|| | ||
| 040 |
_aJO-AjNU _bara _erda _cJO-AjNU |
||
| 041 | _aara | ||
| 050 | 1 | 4 | _aHF5626 .M25 2009 |
| 100 | 3 |
_aجمعية المجمع العربي للمحاسبين القانونيين ( الأردن ) , _eauthor _928457 |
|
| 245 | 0 | 0 | _aالمعايير الدولية لإعداد التقارير المالية كما تم إصدارها في 1 يناير 2009 = (IFRSs) International financial reporting standards |
| 264 | 3 | 1 | _aعمان،الاردن: مؤسسة المعايير الدولية لإعداد التقارير المالية، 2009 |
| 300 | _a2854ص | ||
| 336 |
_atext _btxt _2rdacontent |
||
| 337 |
_aunmediated _bn _2rdamedia |
||
| 338 |
_avolume _bnc _2rdacarrier |
||
| 650 | 4 |
_aالتقارير المالية -- معايير -- المحاسبة الدولية -- معايير -- المحاسبة الدولية -- التقارير المالية _928458 |
|
| 999 |
_aA11040 _c14608 _d14608 |
||